Pièces de théâtre de Racine - Statistiques

Statistiques générales
  • Ce quiz a été pris 185 fois
  • Le résultat moyen est 5 sur 12
Statistiques - réponses
dates Réponses % Correct
1677 Phèdre
92%
1667 Andromaque
77%
1670 Bérénice
65%
1669 Britannicus
62%
1674 Iphigénie
56%
1691 Athalie
40%
1689 Esther
32%
1672 Bajazet
31%
1669 Les Plaideurs
27%
1664 La Thébaïde
24%
1665 Alexandre le Grand
23%
1673 Mithridate
22%
Aucun quiz correspondant
Distribution des résultats
% des personnes avec chaque résultat
Percentile par nombre de réponses
Votre historique - résultats
Vous n’avez pas pris ce quiz